[Event "EU-Cup 29th"]
[Site "Rhodes"]
[Date "2013.10.24"]
[Round "5.3"]
[White "Vitiugov, Nikita"]
[Black "Georgiev, Kiril"]
[Result "1-0"]
[WhiteElo "2729"]
[BlackElo "2664"]
[Annotator "Krasenkow,M"]
[PlyCount "95"]
[EventDate "2013.10.20"]
[EventType "team-swiss"]
[EventRounds "7"]
[EventCountry "GRE"]
[SourceTitle "CBM 157"]
[Source "ChessBase"]
[SourceDate "2013.11.12"]
[SourceVersion "1"]
[SourceVersionDate "2013.11.12"]
[SourceQuality "1"]
[WhiteTeam "St Petersburg"]
[BlackTeam "Padova"]
[WhiteTeamCountry "RUS"]
[BlackTeamCountry "ITA"]

1. d4 d5 2. c4 e6 3. Nc3 c6 4. e4 Bb4 (4... dxe4 5. Nxe4 Bb4+ 6. Bd2 Qxd4 7.
Bxb4 Qxe4+ {is the main line.}) 5. Bd2 {This move has recently become popular.
White "insists" on a pawn sacrifice.} dxc4 (5... dxe4 6. Nxe4 Qxd4 {again
leads to the main line.}) 6. Bxc4 Qxd4 {An "alternative" way to capture the
pawn also gives White compensation due to his development advantage. However,
Black's position remains more solid, and he castles without problems. In fact,
White's activity is only enough to maintain the dynamic balance.} 7. Qe2 Nf6 (
7... e5 {- see Ezat - Mamedyarov in CBM 134, annotated by GM L.Ftacnik}) (7...
Nd7 8. Nf3 Qb6 9. O-O Ne7 10. a3 Bxc3 11. Bxc3 O-O 12. Rad1 $36 {1-0 (43)
Smith,A (2484)-Liiva,R (2451) Puhajarve EST 2012}) (7... Qd8 8. Nf3 Nd7 9. O-O
Ne7 (9... Ngf6 10. Rad1 Be7 11. Bb3 Qc7 12. Rfe1 h6 13. e5 Nd5 14. Rc1 Nxc3 15.
Rxc3 Nb6 16. Nd4 $36 {[%cal Yc3g3] 1-0 (30) Tomashevsky,E (2722)-Yudin,S (2548)
Loo RUS 2013}) 10. a3 Ba5 11. Rad1 Ng6 12. e5 Bxc3 13. Bxc3 Qc7 14. Ng5 Nb6 15.
Ba2 Nd5 16. Rfe1 O-O $13 {0-1 (38) Akshat,K (2393)-Hansen,S (2561) Bangkok THA
2013}) 8. e5 (8. Nf3 Qd8 9. a3 Be7 10. O-O O-O 11. Bf4 b5 12. Rad1 Nbd7 13. Ba2
Bb7 14. Rd2 Qb6 15. Rfd1 Rad8 $13 {1-0 (40) Zhigalko,A (2566)-Huschenbeth,N 
(2450) Moscow 2011}) 8... Nd5 9. Nf3 Qb6 10. O-O Nd7 11. Rfe1 (11. Ne4 Be7 (
11... h6 $2 12. Bxb4 Nxb4 13. Nd6+ Ke7 14. Rfd1 Rd8 15. Bxe6 fxe6 16. Nh4 Kf8
17. Ng6+ Kg8 18. Ne7+ {1-0 (18) Monacell,J (2412)-Myatt,J (2313) IECG 2001})
12. Bg5 f6 13. exf6 N7xf6 $13 14. Nxf6+ Bxf6 15. Bxf6 gxf6 {[%cal Ye8g8]})
11... O-O 12. Bd3 {White is threatening a well-known combination: 13.Bxh7+
Kxh7 14.Ng5+ etc.} f5 (12... g6 {doesn't look safe.}) 13. exf6 N7xf6 {Black's
pawn structure is damaged but he has an extra pawn after all!} 14. a3 Bd6 15.
Ne4 Bf4 16. Neg5 (16. g3 Bxd2 17. Qxd2 Nxe4 18. Bxe4 Bd7 19. Ne5 Rad8 $13)
16... Bd7 ({Black had a good opportunity to simplify the game:} 16... h6 $5 17.
Nxe6 Re8 18. Bf5 Bxd2 19. Qxd2 c5 20. Nf4 $1 Bxf5 21. Nxd5 Nxd5 22. Qxd5+ Be6
$11) 17. Bxf4 Nxf4 18. Qd2 Nxd3 19. Qxd3 h6 20. Nxe6 Bxe6 21. Rxe6 Qxb2 {
But here he has no major problems either.} 22. Ree1 {White keeps up the
tension instead of regaining material and equalising:} (22. Rb1 Qa2 23. Re7 b6
24. Qg6 Rf7 25. Rxf7 Qxf7 26. Qxf7+ Kxf7 27. Ne5+ Ke6 28. Nxc6 $11) 22... Qb5
23. Qc2 Nd5 24. Nd4 (24. Rab1 Qa5 $1 25. Rxb7 $140 $4 Rxf3) 24... Qa5 25. Nf5
Qc7 (25... Rf6 {[%cal Ya8f8] was the simplest course.}) 26. Re6 Rf6 $6 (26...
Qf4 $5 27. Ne7+ Nxe7 28. Rxe7 Rf7) 27. Rxf6 Nxf6 28. Re1 Nd5 (28... Kh8 $1 {
was the best move now but not easy to find. If} 29. Ne7 ({or} 29. Nh4) {then}
29... Re8 $1 {keeping an extra pawn, although hardly convertable.}) 29. Qb2 Qf7
30. Nd6 Qg6 31. Qxb7 {White has recaptured the pawn in a good version, keeping
a better pawn structure and a safer king. Still, Black has enough
counter-chances.} Rf8 32. Ne4 Nf4 33. Ng3 h5 (33... Qd6 $5 34. Qxa7 Qd5 35. Ne4
$8 Nd3 36. Re3 Nc5 $1 37. Ng3 Qd2 38. Rf3 Rxf3 39. gxf3 Nd3 40. Qe3 Qd1+ 41.
Nf1 g5 42. Qe6+ Kg7 43. Qxc6 Nf4 $11) 34. h4 Nd3 $6 (34... Qf6 $142 35. Qxa7
Qxh4) 35. Qb3+ Kh7 $2 {[%mdl 8192] Time pressure?} (35... Kh8 {was the only
move.} 36. Re6 $2 {didn't work in that case due to} Qf7) 36. Re6 Nc5 (36... Rb8
$1 37. Qc4 (37. Qxb8 Qxe6 38. Qxa7 c5) 37... Rb1+ 38. Kh2 Rc1 $1 39. Qb3 Nc5 $1
{was the best chance, very difficult to find, but even then White should
probably win after} 40. Rxg6 Nxb3 41. Rd6 Rc4 42. Kh3 g6 43. Rd7+ Kh6 44. Rxa7)
37. Rxg6 Nxb3 38. Rxc6 {White has won a pawn; moreover, Black, due to the poor
position of his pieces, is about to lose another one.} Rf4 39. Rc7 Rxh4 40.
Rxa7 Nd4 41. f3 Kg6 42. Kf2 (42. a4 $142 {, and Black has no useful moves, e.g.
} Nc6 43. Rxg7+ Kxg7 44. Nf5+ $18) 42... Ne6 43. Ra5 Nf4 (43... Rc4 44. Ra6 Kf7
45. Nxh5 Rc2+ 46. Kg3 g5 47. Kh3 $18) 44. Kg1 Ne6 45. Re5 Kf6 46. Rf5+ Kg6 47.
Ra5 Nf4 $2 {A blunder in a lost position.} 48. Nf5 1-0

[Event "Moscow Tal Memorial 6th"]
[Site "Moscow"]
[Date "2011.11.20"]
[Round "5"]
[White "Nakamura, Hikaru"]
[Black "Aronian, Levon"]
[Result "1/2-1/2"]
[WhiteElo "2758"]
[BlackElo "2802"]
[Annotator "Krasenkow,M"]
[PlyCount "105"]
[EventDate "2011.11.16"]
[EventType "tourn"]
[EventRounds "9"]
[EventCountry "RUS"]
[EventCategory "22"]
[SourceTitle "CBM 146"]
[Source "ChessBase"]
[SourceDate "2012.01.18"]
[SourceVersion "1"]
[SourceVersionDate "2012.01.18"]
[SourceQuality "1"]

1. d4 d5 2. c4 e6 3. Nc3 Be7 4. cxd5 exd5 5. Bf4 c6 6. e3 Bf5 7. g4 Be6 8. h4
Nd7 9. Bg3 $146 {A new but hardly theoretically important move.} (9. h5 {
was played in dozens of games including the previous clash between the same
players:} Nh6 10. Be2 (10. f3 f5 11. Bxh6 gxh6 12. gxf5 Bxf5 13. Bd3 Bh4+ 14.
Ke2 Bxd3+ 15. Qxd3 Qe7 16. f4 Rg8 17. Kd2 Rg2+ 18. Nge2 Bf2 19. Rh3 O-O-O 20.
Rf1 Kb8 21. Rf3 Bh4 22. Kc1 Rdg8 23. Qf5 Ka8 24. Rh1 Bf6 25. Qd3 Nb6 $132 {
1/2 Maksimenko,A (2540)-Talla,V (2452)/Legnica 2010/CBM 139 Extra (30)}) 10...
Nb6 11. Nh3 g5 $1 12. hxg6 hxg6 13. Bg3 Qd7 14. Nf4 O-O-O 15. Nxe6 Qxe6 16. Rg1
Bd6 17. Qc2 Bxg3 18. Rxg3 f5 19. O-O-O Nxg4 20. Bxg4 fxg4 21. Rdg1 Rh4 22. Qe2
Rf8 23. Nd1 Rf4 $132 {1-0 Nakamura,H (2753)-Aronian,L (2807)/Sao Paulo/Bilbao
BRA/ESP 2011/The Week in Chess 883 (79)}) 9... Nb6 {The standard plan.} 10. f3
Bd6 11. Bxd6 Qxd6 12. Qc2 Ne7 13. Bd3 h5 {Exploiting the fact that White has
not played h4-h5.} 14. g5 O-O-O 15. Nge2 Kb8 16. Kf2 g6 {[%cal Ye6f5]} 17. a4
a5 {Black doesn't want to allow a4-a5-a6.} (17... Bf5 18. a5 Bxd3 19. Qxd3 Nd7
20. a6) 18. Ng3 {Preventing ...Be6-f5 but Black has another plan: to open up
the f-file and start an attack.} Rdf8 19. Qd2 (19. Nce2 $143 f6 20. Qc5 Qxc5
21. dxc5 Nd7 22. Nf4 Nxc5 23. Bxg6 fxg5 24. hxg5 Rxf4 25. exf4 Nxg6 26. f5 h4
$1 27. fxe6 hxg3+ 28. Kxg3 Rxh1 29. Rxh1 Nxe6 $17 {[%csl Gd5]}) 19... f6 (19...
Nd7 $5 20. Nce2 $1 f6 21. gxf6 Rxf6 22. Nf4 Rhf8 {[%cal Yf6f4]}) 20. gxf6 Rxf6
{[%mdl 512] This exchange sacrifice is not forced but it gives Black a strong
initiative.} (20... Nf5 $5 21. Bxf5 Bxf5 $1 22. Nxf5 gxf5 23. b3 $13 ({but not
} 23. Ne2 Nc4 24. Qd3 Re8)) 21. Nce4 dxe4 22. Nxe4 Rxf3+ 23. Kxf3 $44 {[%csl
Rf3]} Qd5 (23... Rf8+ $5 24. Ke2 Bg4+ 25. Ke1 Qd8 {[%cal Ye7f5,Yb6d5]}) 24.
Qh2+ Ka7 25. Qe5 (25. Qd6 $5 Qf5+ 26. Qf4 Bd5 $1 $44) 25... Rf8+ 26. Ke2 Qxe5
27. dxe5 Nd7 {Black recaptures a pawn and retains dangerous threats.} 28. Nd2 (
28. Ng5 $5) 28... Nxe5 (28... Bg4+ $5 29. Ke1 Nxe5) 29. Be4 (29. e4 $142 Rd8 (
29... Bg4+ 30. Ke3) 30. Ra3 {firmly defending.}) 29... Bg4+ 30. Ke1 Nd5 {
This is the moment when Black apparently missed his chance.} (30... Nf5 $142 $1
{forcing the exchange of White's important bishop:} 31. Bxf5 (31. Ra3 Ng3)
31... Bxf5 $17 {[%cal Re5d3]}) 31. Ra3 Rd8 32. Rh2 Nb4 33. Kf1 Bd1 34. Rg2 Bg4
35. Rh2 Bf5 36. Bxf5 gxf5 37. Rg2 Ng4 38. Nc4 Re8 39. Re2 {White has managed
to consolidate his position.} Nd5 40. Ke1 Re6 41. Rd3 f4 42. e4 Nde3 43. Nxe3
Nxe3 44. Rd7 Rxe4 45. Kf2 Rb4 46. Rh7 Rb3 47. Rxh5 Ng4+ 48. Kf1 f3 49. Rd2 Rb4
50. Rxa5+ Kb6 51. Rg5 Rxa4 52. Rxg4 Rxg4 53. Rh2 1/2-1/2

[Event "RUS-ch 64th"]
[Site "Moscow"]
[Date "2011.08.09"]
[Round "2"]
[White "Morozevich, Alexander"]
[Black "Grischuk, Alexander"]
[Result "1-0"]
[WhiteElo "2694"]
[BlackElo "2746"]
[Annotator "Krasenkow,M"]
[PlyCount "85"]
[EventDate "2011.08.08"]
[EventType "tourn"]
[EventRounds "7"]
[EventCountry "RUS"]
[EventCategory "19"]
[SourceTitle "CBM 144"]
[Source "ChessBase"]
[SourceDate "2011.09.16"]
[SourceVersion "1"]
[SourceVersionDate "2011.09.16"]
[SourceQuality "1"]

1. d4 d5 2. c4 e6 3. Nc3 Be7 4. cxd5 exd5 5. Bf4 c6 6. e3 Bf5 7. h3 {A quiet,
very rare move.} ({Botvinnik's} 7. g4 {is the main continuation here.}) 7...
Nd7 (7... Qb6 8. Qd2 Nf6 9. Nge2 O-O 10. f3 Bg6 11. g4 Na6 12. a3 Rfe8 13. Kf2
Qd8 14. Bg3 Nc7 15. h4 h5 16. g5 Nd7 17. Bh3 Nb6 18. b3 Bd6 19. Nf4 $14 {
1-0 Kasparov,S (2465)-Malakhatko,V (2568)/Kiev 2000/CBM 077 (62)}) (7... Nf6 8.
Nf3 {leads to the position which usually arises after 5...Nf6 6.e3 Bf5 7.h3 c6}
({and} 8. g4 Be6 {leads to the 7.g4 system})) 8. Nf3 (8. Nge2 Bg6 9. g4 h5 10.
Rg1 hxg4 11. hxg4 Nb6 12. Qb3 Bd6 13. a4 Rb8 14. a5 Nc8 $13 {1/2 Ward,C (2456)
-Cox,J (2411)/Southend 2007/CBM 117 ext (27)}) 8... Qb6 {Black tries to
exploit White's "loss of time" (h2-h3), to which Alexander Morozevich replies
in an unusual manner.} (8... Nb6 9. Be2 Nf6 10. O-O O-O 11. g4 Be6 12. Bd3 c5
13. Bg3 cxd4 14. Nxd4 Rc8 15. g5 Ne8 16. g6 $1 $16 {1-0 Dao Thien Hai (2480)
-Miranovic,M/Hungary 1995/EXT 1997 (54)}) (8... Ngf6 {- see 7...Nf6}) 9. Qe2 $5
(9. Qd2 Ngf6 {[%cal Rf6e4] was what Black reckoned with}) (9. Bd3 $5 Qxb2 10.
O-O {was an interesting pawn sacrifice in order to obtain an advantage in
development.}) 9... Ngf6 (9... h5 $5 {, preventing g2-g4, was a fitting reply.}
) 10. g4 Bg6 (10... Be4 $5) 11. Nh4 Qa5 12. Bg2 Ne4 13. Nxg6 Nxc3 14. Qd2 hxg6
15. bxc3 Nb6 16. O-O Nc4 {Black has a good position but in the long run he
misplays it.} 17. Qe2 O-O (17... Qxc3 18. e4 Qxd4 19. Rfe1 $44) 18. e4 Bd6 (
18... Rfe8 $142 19. Qd3 Bd6 20. e5 Ba3 {to gain a tempo after ...Bb2 and ...
Qxc3.} 21. Bc1 $5 $13) 19. e5 Ba3 20. Rab1 Qxc3 21. Rfd1 b5 22. Rb3 Qa5 23. g5
$40 {[%mdl 128] Black is a pawn up but it is not easy for him to parry White's
kingside attack!} Rfe8 (23... Bb4 $5) 24. h4 Bf8 25. h5 $2 {Too early.} (25.
Rh3 $142 {[%cal Yh4h5]}) 25... gxh5 26. Qxh5 g6 27. Qh4 Qxa2 28. Rh3 Bg7 {
Black has consolidated his position.} 29. Qh7+ Kf8 30. Rf3 Qe2 31. Rdd3 Re6 32.
Bg3 (32. Bh3 Rae8 $1) 32... a5 $4 {[%mdl 8192] A sudden blunder. Black
overlooks White's only threat!} (32... Nd2 $1 33. Rfe3 Qd1+ 34. Kh2 Rae8 {
, and White's attack is safely parried, e.g.} 35. f4 Qc2 $1 36. Kg1 Qb1+ 37.
Kh2 (37. Kf2 Ne4+) 37... Nf1+ 38. Bxf1 Qxf1 39. Rf3 Qe2+ 40. Bf2 Qe4 {, and
Black should win.}) 33. Bf1 Qe4 {This loses the queen but what else can he do?}
(33... Qc2 34. Rxf7+ $1 {the point!} Kxf7 35. Rf3+ Qf5 36. Rxf5+ gxf5 37. Qxf5+
Ke7 38. Bh3 $18) 34. Rf4 Qxf4 35. Bxf4 a4 36. Rd1 a3 37. Bxc4 dxc4 38. Bd2 Ra4
39. Be3 Re7 40. d5 a2 41. d6 Rd7 42. Bd4 b4 43. Qxg7+ $1 1-0

[Event "Tata Steel-A 76th"]
[Site "Wijk aan Zee"]
[Date "2014.01.12"]
[Round "2"]
[White "So, Wesley"]
[Black "Nakamura, Hikaru"]
[Result "1/2-1/2"]
[WhiteElo "2719"]
[BlackElo "2789"]
[Annotator "Krasenkow,M"]
[PlyCount "54"]
[EventDate "2014.01.11"]
[EventType "tourn"]
[EventRounds "11"]
[EventCountry "NED"]
[EventCategory "20"]
[SourceTitle "CBM 159"]
[Source "ChessBase"]
[SourceDate "2014.03.17"]
[SourceVersion "1"]
[SourceVersionDate "2014.03.17"]
[SourceQuality "1"]

1. c4 e6 2. Nc3 d5 3. d4 c6 4. e4 Bb4 5. e5 {The most principled continuation
in the Slav Gambit Declined. The arising position is similar to the French
Defence, and Black can reply accordingly.} c5 $5 6. cxd5 ({The immediate} 6. a3
{is more common}) 6... exd5 7. a3 Bxc3+ (7... Ba5 8. Bd2 Nc6 9. dxc5 Bxc3 10.
Bxc3 d4 11. Bd2 Qe7 12. f4 f6 13. Nf3 Bg4 14. Bb5 fxe5 15. fxe5 Nf6 16. O-O $16
{1-0 (31) Hauchard,A (2460)-Pavasovic,D (2425) Cannes 1996}) (7... cxd4 8. axb4
dxc3 9. bxc3 Nc6 (9... Qc7 $142 $1 10. Nf3 Ne7 {R.Dautov}) 10. f4 Nh6 11. Nf3
O-O 12. Be2 $14 {1-0 (32) Lautier,J (2666)-Zvjaginsev,V (2664) Poikovsky 2003
CBM 095 [Dautov]}) 8. bxc3 Nc6 (8... Ne7 {leads to similar positions. Here are
some examples from GM practice:} 9. Bd3 (9. f4 Nbc6 10. Be3 Nf5 11. Qd2 {
1/2 (18) Kapnisis,S (2435)-Mastrovasilis,D (2574) Athens 2004} Na5 $132) 9...
Nbc6 (9... Qa5 10. Bd2 Nbc6 11. Ne2 Bf5 12. Qb1 Bxd3 13. Qxd3 Qa4 14. f4 cxd4
15. cxd4 Qc4 16. Qxc4 dxc4 17. a4 Rd8 18. Rc1 Nxd4 19. Rxc4 $14 {1/2 (50)
Shneider,A (2497)-Timofeev,A (2577) Istanbul 2003}) 10. Ne2 Bf5 (10... cxd4 11.
cxd4 Bf5 12. O-O Qd7 13. Be3 O-O 14. Nf4 Bxd3 15. Qxd3 Qf5 16. Qb3 Nxd4 17.
Bxd4 Qxf4 18. Bc5 Rfe8 19. Qxb7 Ng6 20. Qxd5 Qxe5 21. Qxe5 Nxe5 $11 {0-1 (41)
Hellsten,J (2574)-Giaccio,A (2468) Mendoza 2005}) 11. O-O (11. Bg5 Qd7 12. Bxe7
Nxe7 13. O-O Rc8 14. Ng3 Bxd3 15. Qxd3 h5 16. h4 g6 17. f4 Nf5 $11 {1/2 (22)
Murshed,N (2510)-Dreev,A (2645) Yerevan 1996}) 11... O-O (11... Qd7 12. a4 Bxd3
13. Qxd3 c4 14. Qc2 Nf5 15. Rb1 O-O 16. Nf4 Nfe7 17. Ba3 $36 {0-1 (46)
Anuruddha,G (2185)-Malakhatko,V (2569) Ravana 2009}) 12. Ng3 Bxd3 13. Qxd3 Qd7
(13... c4 14. Qc2 Qd7 15. f4 f5 16. a4 g6 17. Ba3 Rae8 18. Rf2 Na5 19. Nf1 Nb3
20. Ra2 Rf7 21. Ne3 $14 {1-0 (62) Liang,C (2524)-Bu,X (2630) Jinan 2005}) 14.
f4 f6 15. exf6 c4 16. Qf3 Rxf6 17. f5 h6 18. Qg4 Raf8 $132 {1/2 (29)
Bluvshtein,M (2541)-Zubac,M (2217) Kitchener 2006}) 9. Nf3 Nge7 10. Be2 (10.
Bb5 {is not a good idea: Black's unopposed bishop will be even stronger than
his knights:} Qa5 11. Bxc6+ bxc6 12. Bd2 c4 13. O-O O-O 14. Qc2 Bf5 15. Qc1
Rab8 $17 {0-1 (43) Marusic,N (1986)-Stepovaia,T (2336) Bled 2004}) 10... O-O
11. O-O cxd4 (11... Bf5 12. Nh4 $1 cxd4 13. cxd4 Be4 14. f3 Ng6 15. Nxg6 Bxg6
16. Be3 Qb6 17. f4 Be4 18. Rc1 Na5 19. f5 $14 {1/2 (65) Onischuk,A (2650)
-Shulman,Y (2581) San Diego 2006}) (11... Bg4 12. Rb1 (12. h3 Bh5 13. g4 Bg6
14. Nh4 cxd4 15. Nxg6 (15. cxd4 $2 {1/2 (25) Perelshteyn,E (2543)-Schneider,I 
(2397) Ledyard 2009} Nxd4 $1 16. Qxd4 Nc6) 15... Nxg6 16. cxd4 $14) 12... b6 (
12... Qc7 13. h3 Bh5 14. a4 Bg6 15. Bd3 $5 Rfd8 16. Bg5 Rd7 17. Rb5 b6 18. Re1
a6 19. Rb1 $14 {1-0 (33) Khalifman,A (2667)-Galkin,A (2587) Hoogeveen 2000 CBM
080 [Dautov]}) 13. a4 $1 (13. dxc5 bxc5 14. Rb5 c4 15. Bg5 Qc7 16. Bxe7 Nxe7
$11 17. Nd4 $6 Bd7 18. Rb1 Qxe5 19. Bg4 Bxg4 20. Qxg4 Qd6 $15 {0-1 (42) Krush,
I (2449)-Izoria,Z (2644) Connecticut 2007}) 13... Qc7 14. Ba3 Nd8 15. c4 dxc4
16. dxc5 bxc5 17. Qd6 Rc8 18. Rfc1 Ne6 19. Rxc4 Bxf3 20. Bxf3 Ng6 21. Qxc7 Rxc7
22. Bd5 Nef4 23. Be4 $14 {1/2 (59) Maslak,K (2521)-Navara,D (2646) Pardubice
2008}) 12. cxd4 h6 {A new idea. Black prevents Bc1-g5 and prepares ...Bc8-f5:
now in case of Nf3-h4 the bishop will be able to retreat to h7.} 13. Bd2 {
White anticipates ...Nc6-a5: he would now either exchange this knight and then
seize the c-file or invade Bd2-b4-d6.} Bf5 (13... Na5 14. Bxa5 (14. Bb4 $5)
14... Qxa5 15. Qb3 $14 {[%cal Ya1c1]}) 14. Qb3 Bg4 {A strange change of plan.
Still, Black's position remains very solid.} (14... Qb6 $5 15. Qxb6 axb6 {
[%cal Yf5e4,Ye7f5]} 16. Bc3 (16. Be3 Be4 17. Nd2 Nf5) 16... Ng6 (16... Be4 17.
Nd2 Nf5 $6 18. Nxe4 dxe4 19. d5) 17. g3 Rfc8 $132 {[%cal Yg6f8,Yf8e6]}) 15. Bc3
Qd7 16. h3 Be6 17. Rfd1 (17. Bb4 $5) (17. Qb2 $5 {[%cal Yf3e1,Ye1d3]}) 17...
Ng6 18. Bf1 (18. Bd2 $5 {, preventing ...Ng6-f4 and clearing the c-file.
Although even in that case after} Rfc8 {Black should hold on.}) 18... Rac8 19.
Rac1 Rc7 20. Qb2 Qe7 21. g3 Rfc8 22. Kh2 f6 (22... Nf8 $5 {[%cal Yf8d7,Yd7b6]})
23. exf6 Qxf6 24. Bg2 Nce7 25. Bb4 Rxc1 26. Rxc1 Rxc1 27. Qxc1 Nc6 {White's
pair of bishops is even less valuable after the exchange of rooks; therefore
he doesn't try to make use of it.} 1/2-1/2

[Event "EU-chT (Men) 19th"]
[Site "Warsaw"]
[Date "2013.11.09"]
[Round "2.1"]
[White "Mamedyarov, Shakhriyar"]
[Black "Topalov, Veselin"]
[Result "0-1"]
[WhiteElo "2757"]
[BlackElo "2774"]
[Annotator "Krasenkow,M"]
[PlyCount "64"]
[EventDate "2013.11.08"]
[EventType "team-swiss"]
[EventRounds "9"]
[EventCountry "POL"]
[SourceTitle "CBM 158"]
[Source "ChessBase"]
[SourceDate "2014.01.16"]
[SourceVersion "1"]
[SourceVersionDate "2014.01.16"]
[SourceQuality "1"]
[WhiteTeam "Azerbaijan"]
[BlackTeam "Bulgaria"]
[WhiteTeamCountry "AZE"]
[BlackTeamCountry "BUL"]

1. d4 d5 2. c4 e6 3. Nc3 Be7 4. cxd5 exd5 5. Bf4 c6 6. e3 Bf5 7. Nge2 {A quiet
move, instead of the more aggressive} (7. g4) 7... Nf6 (7... Nd7 {should
rather be played first (preventing h2-h4 for the time being)}) 8. Ng3 Bg6 9. h4
h5 10. Bg5 $146 {A new continuation in this well-known position. It is not bad
but GM Shakhriyar Mamedyarov misplays the resulting position completely.} (10.
Be2 Qb6 (10... Nbd7 $5 11. Bf3 Qb6 (11... Qa5 12. a3 Nb6 13. b4 Qa6 14. Be2 Nc4
15. Bg5 $14 {1-0 (49) McShane,L (2546)-Berkes,F (2545) Goa 2002}) 12. Qe2 Kf8
13. Kf1 Re8 14. Kg1 Kg8 {1/2 (14) Drozdovskij,Y (2550)-Zakharevich,I (2523)
Moscow 2006}) 11. Qd2 Nbd7 12. a3 (12. Bf3 Qa6 13. Rd1 Nb6 14. Bg5 Rd8 15. b3
Nbd7 16. Nce2 Qa3 17. O-O Bb4 $36 {0-1 (73) Vaganian,R (2570)-Giorgadze,T 
(2535) Minsk 1979}) 12... a5 13. Rc1 (13. Rd1 O-O 14. Bf3 Rfe8 15. Bg5 Bd6 16.
Nce2 Ne4 17. Bxe4 dxe4 18. O-O a4 19. Nc3 Bxg3 20. fxg3 Qa5 $11 {1-0 (69)
Caruana,F (2772)-Kasimdzhanov,R (2709) Zug 2013}) 13... Qd8 (13... Kf8 14. O-O
Qd8 15. Qd1 Nb6 16. Bg5 Nfd7 17. f4 Bxg5 18. fxg5 $14 {1-0 (34) Dreev,A (2658)
-Doettling,F (2542) France 2007}) 14. Qd1 Kf8 $5 15. Bf3 Kg8 16. O-O Nf8 17.
Qb3 Ra7 18. e4 $5 a4 19. Qd1 dxe4 20. Ngxe4 Nxe4 21. Nxe4 Bxh4 22. d5 $13 {
1/2 (22) Sadler,M (2665)-Baburin,A (2570) Isle of Man 1997 CBM 061 [Baburin]})
(10. Bd3 $5 {, getting rid of Black's powerful bishop and then preparing f2-f3
and e3-e4, is probably more appropriate, e.g.} Bxd3 11. Qxd3 g6 12. O-O-O (12.
e4 dxe4 13. Ngxe4 Nxe4 14. Qxe4 Nd7 15. d5 Nf6 $13 {1/2 (36) Delchev,A (2637)
-Franco Alonso,A (2483) Linares ESP 2013}) 12... Na6 (12... Nbd7 13. e4 dxe4
14. Ngxe4 O-O (14... Nxe4 15. Nxe4 Nf6 $6 16. Nxf6+ Bxf6 17. Qa3 $16 {1-0 (51)
Lalic,B (2514)-Carlhammar,M (2324) Paris 2008}) 15. f3 Qa5 16. g4 $40 {Chekhov,
V (2505)-Timoshchenko, G (2490) USSR 1987}) 13. Kb1 Qd7 (13... Qa5 14. Bg5 {
1-0 (24) Portisch,L-Pietzsch,W Kecskemet 1966} O-O $14) 14. f3 $14 {[%cal
Ye3e4]}) 10... Nbd7 11. Be2 (11. Bd3 {may be still possible but White's idea
is completely different.}) 11... Ne4 {A logical simplification.} (11... Qb6 $5
12. Qd2 Nf8 {[%cal Yf8e6] needs checking, too.}) 12. Ngxe4 (12. Ncxe4 $5 dxe4
13. Bxe7 Qxe7 14. Nxh5 $5 Bxh5 15. Bxh5 g6 (15... Qb4+ 16. Kf1 Qxb2 17. Be2 {
[%csl Re8][%cal Gb1b7]}) 16. Be2 Rxh4 17. Rxh4 Qxh4 18. Qb3 Nb6 19. Rc1 {
, and White keeps some pressure.}) 12... dxe4 13. Bxe7 Qxe7 14. Qb3 b5 $6 {
A risky move.} ({There was nothing wrong with} 14... Nb6 {Black probably
didn't like} 15. a4 {, overlooking a good defence:} f5 $1 16. a5 Bf7 17. Qa3
Nd5 $14 {/=}) 15. Rc1 O-O 16. g3 Nf6 17. a4 $1 a6 18. Na2 Rfc8 19. O-O $6 {
[%mdl 32]} (19. Nb4 $142 $1 $36) 19... Bf5 20. Nb4 Be6 {That's the difference!}
21. Qa3 $6 (21. Qc3 $142 c5 (21... Qd7 22. Qc5) 22. dxc5 a5 23. Nc6 $1 Rxc6 24.
axb5 Rcc8 25. Rfd1 $44) 21... Qd7 $1 {[%cal Ye6g4] It turns out that White's
king is less safe on the kingside than it was in the centre!} 22. axb5 $6 {
Another unwise idea - to open up the a-file.} (22. Qc3 $142 Bc4 23. Bxc4 bxc4
24. Kg2) 22... axb5 23. Qc3 Bc4 $1 24. Bxc4 bxc4 {[%cal Rd7h3]} 25. Kg2 Rcb8 $1
{That's the difference! Black obtains the initiative on the queenside, too.}
26. Ra1 (26. Qxc4 $4 Ra4) 26... Rxa1 27. Rxa1 Nd5 28. Nxd5 cxd5 $17 {[%csl Rb2,
Rg2]} 29. Qd2 Qg4 30. Re1 Qf3+ 31. Kh2 Kh7 $1 {White is completely passive so
Black activates his king for a future ending.} 32. Qe2 Kg6 {Disgusted, White
chose to resign. Black should gradually win, preparing ...g7-g5, e.g.} (32...
Kg6 33. Qc2 (33. Qxf3 $2 exf3 {[%cal Rb8b2]}) 33... Kf5 34. Qd2 {(White has no
active moves)} (34. Ra1 g5 35. Ra5 gxh4 36. Rxd5+ Kg4 $19) 34... g5 35. Rg1 $1
(35. hxg5 h4 36. gxh4 Rh8) 35... Kg6 {then at some point ...Qf3-g4 forcing the
exchange on g5, then preparing ...h5-h4 etc. But, of course, White could have
put up a long resistance.} (35... Rg8 $6 {was not good due to} 36. Qa5)) 0-1